01326nam a2200265 a 450000100100000000500170001000800410002704000250006808200170009310000510011024500690016126000360023030000280026650000560029465000220035065000200037265000270039204900090041995201280042895201280055695201280068495201140081295201190092699900150104500000428420200929151424.0090721s1993 dr a 000 0 spa d aDO-SdBNPbspacBNPHU a133.9bM385c1 aMartínez Cedeño, Hector Luisd1935-91265810a¿Conoce usted la energía? /cHector Luis Martínez Cedeño. aSanto Domingo :bTaller,c1993. a230 p. :bil. ;c21 cm. aIncluye datos biográficos del autor en la solapa. 4aEspiritismo91460 4aOcultismo92395 4aLo sobrenatural912659 aBNPD 001054708DSaGRbGRcCTd2009-07-21iLF1l0o133.9 M385cp4284-30r2020-06-25te.3w2020-06-25yLFDSZPréstamo en sala 001054708DSaGRbGRcCTd2009-07-21iLF1l0o133.9 M385cp4284-40r2020-06-25te.4w2020-06-25yLFDSZPréstamo en sala 001054708DSaGRbGRcCTd2009-07-21iLF1l0o133.9 M385cp4284-50r2020-06-25te.5w2020-06-25yLFDSZPréstamo en sala 0010718PDaPDbPDcCTd2009-07-21iLF1l0o133.9 M385cp4284-10r2020-06-25w2020-06-25yLFPDZNo se presta 0010718PDaPDbPDcCTd2009-07-21iLF1l0o133.9 M385cp4284-20r2020-06-25te.2w2020-06-25yLFPDZNo se presta c4094d4094